000 00999nam a22002537a 4500
005 20170124102940.0
010 _aA-654479
020 _c50.00
035 _aA-654479
037 _bCen Lib/Ret
040 _aDPL
_bHN
082 _a827
_bसाववी
100 _aसाव, विनोद
_948014
245 _aमेरा मध्यप्रदेशीय हृदय /
_cविनोद साव
246 _aMera madhya pradeshiya hriday /
_bby Vinod Sao
260 _aहिसार
_bअमन प्रकाशन
_c1996
270 _a1041, अर्बन एस्टेट II
_bहिसार
_e125005
300 _a127पृ.
_c17सेमी (सजिल्द)
650 _aहिन्दी साहित्य
_948015
650 _aहिन्दी साहित्य--कहानिया
_946379
650 _aHindi Literature
_948016
650 _aHindi Literature--Stories
_948017
942 _2ddc
_cHN
_h827
_mसाववी
999 _c112513
_d112513